Statistics for Berlin S-Bahn Stations on an Empty Map

Click here to take the quiz!

General Stats

  • This quiz has been taken 904 times
    (866 since last reset)
  • The average score is 122 of 282

Answers on the Map

Answers color-coded by a green-red scale on the quiz's map according to % correct below.
 

Answer Stats

LinesStationsDistricts% Correct
S5AlexanderplatzMitte
86%
S7AlexanderplatzMitte
86%
S3AlexanderplatzMitte
86%
S7HauptbahnhofMitte
86%
S5HauptbahnhofMitte
86%
S3HauptbahnhofMitte
86%
S7Potsdam HauptbahnhofPotsdam
85%
S5OstkreuzFriedrichshain-Kreuzberg
80%
S8OstkreuzFriedrichshain-Kreuzberg
80%
S3OstkreuzFriedrichshain-Kreuzberg
80%
Ring-BahnOstkreuzFriedrichshain-Kreuzberg
80%
S7OstkreuzFriedrichshain-Kreuzberg
80%
Ring-BahnWestkreuzCharlottenburg-Wilmersdorf
79%
S7WestkreuzCharlottenburg-Wilmersdorf
79%
S3WestkreuzCharlottenburg-Wilmersdorf
79%
S5WestkreuzCharlottenburg-Wilmersdorf
79%
S3FriedrichstraßeMitte
78%
S2FriedrichstraßeMitte
78%
S7FriedrichstraßeMitte
78%
S1FriedrichstraßeMitte
78%
S26FriedrichstraßeMitte
78%
S25FriedrichstraßeMitte
78%
S5FriedrichstraßeMitte
78%
S26SüdkreuzTempelhof-Schöneberg
78%
S2SüdkreuzTempelhof-Schöneberg
78%
Ring-BahnSüdkreuzTempelhof-Schöneberg
78%
S25SüdkreuzTempelhof-Schöneberg
78%
S7Zoologischer GartenCharlottenburg-Wilmersdorf
78%
S3Zoologischer GartenCharlottenburg-Wilmersdorf
78%
S5Zoologischer GartenCharlottenburg-Wilmersdorf
78%
S2GesundbrunnenMitte
76%
S25GesundbrunnenMitte
76%
S26GesundbrunnenMItte
76%
Ring-BahnGesundbrunnenMitte
76%
S1GesundbrunnenMitte
76%
S7OstbahnhofFriedrichshain-Kreuzberg
76%
S3OstbahnhofFriedrichshain-Kreuzberg
76%
S5OstbahnhofFriedrichshain-Kreuzberg
76%
S3SpandauSpandau
74%
S3CharlottenburgCharlottenburg-Wilmersdorf
72%
S7CharlottenburgCharlottenburg-Wilmersdorf
72%
S5CharlottenburgCharlottenburg-Wilmersdorf
72%
S7WannseeSteglitz-Zehlendorf
70%
S1WannseeSteglitz-Zehlendorf
70%
S26Potsdamer PlatzMitte
68%
S2Potsdamer PlatzMitte
68%
S25Potsdamer PlatzMitte
68%
S1Potsdamer PlatzMitte
68%
S45Flughafen BER – Terminal 1-2 ✈Dahme-Spreewald
66%
S3TiergartenMitte
66%
S7TiergartenMitte
66%
S5TiergartenMitte
66%
S45Flughafen BER – Terminal 5 ✈Dahme-Spreewald
65%
S1OranienburgOberhavel
65%
Ring-BahnTempelhofTempelhof-Schöneberg
65%
S1Brandenburger TorMitte
64%
S2Brandenburger TorMitte
64%
S26Brandenburger TorMitte
64%
S25Brandenburger TorMitte
64%
S3Warschauer StraßeFriedrichshain-Kreuzberg
64%
S7Warschauer StraßeFriedrichshain-Kreuzberg
64%
S5Warschauer StraßeFriedrichshain-Kreuzberg
64%
Ring-BahnNeuköllnNeukölln
63%
S3Hackescher MarktMitte
62%
S1SchönebergTempelhof-Schöneberg
60%
Ring-BahnSchönebergTempelhof-Schöneberg
60%
S3BellevueMitte
59%
S7BellevueMitte
59%
S5BellevueMitte
59%
S5JannowitzbrückeMitte
59%
S7JannowitzbrückeMitte
59%
S3JannowitzbrückeMitte
59%
S2PankowPankow
59%
S8PankowPankow
59%
S8Treptower ParkTreptow-Köpenick
59%
Ring-BahnTreptower ParkTreptow-Köpenick
59%
Ring-BahnWeddingMitte
59%
S25NordbahnhofMitte
57%
S2NordbahnhofMitte
57%
S1NordbahnhofMitte
57%
S26NordbahnhofMitte
57%
S3OlympiastadionCharlottenburg-Wilmersdorf
57%
S7GrunewaldCharlottenburg-Wilmersdorf
56%
S1YorckstraßeTempelhof-Schöneberg
53%
S26YorckstraßeTempelhof-Schöneberg
53%
S25YorckstraßeTempelhof-Schöneberg
53%
S2YorckstraßeTempelhof-Schöneberg
53%
S3ErknerOder-Spree
52%
S25TegelReinickendorf
52%
S26Anhalter BahnhofFriedrichshain-Kreuzberg
51%
S25Anhalter BahnhofFriedrichshain-Kreuzberg
51%
S1Anhalter BahnhofFriedrichshain-Kreuzberg
51%
S2Anhalter BahnhofFriedrichshain-Kreuzberg
51%
Ring-BahnFrankfurter AlleeFriedrichshain-Kreuzberg
51%
S8Frankfurter AlleeFriedrichshain-Kreuzberg
51%
S5LichtenbergLichtenberg
51%
S7LichtenbergLichtenberg
51%
Ring-BahnMesse Nord / ICCCharlottenburg-Wilmersdorf
51%
Ring-BahnWestendCharlottenburg-Wilmersdorf
51%
Ring-BahnHermannstraßeNeukölln
50%
S7SavignyplatzCharlottenburg-Wilmersdorf
48%
S3SavignyplatzCharlottenburg-Wilmersdorf
48%
S5SavignyplatzCharlottenburg-Wilmersdorf
48%
S8Schönhauser AlleePankow
48%
Ring-BahnSchönhauser AlleePankow
48%
S3KöpenickTreptow-Köpenick
47%
Ring-BahnJungfernheideCharlottenburg-Wilmersdorf
46%
S7MarzahnMarzahn-Hellersdorf
46%
S1NikolasseeSteglitz-Zehlendorf
46%
S7NikolasseeSteglitz-Zehlendorf
46%
Ring-BahnSonnenalleeNeukölln
46%
S25Teltow StadtPotsdam-Mittelmark
46%
S26Teltow StadtPotsdam-Mittelmark
46%
Ring-BahnWesthafenMitte
46%
S2BernauBarnim
45%
S7AhrensfeldeMarzahn-Hellersdorf
44%
S2Oranienburger StraßeMitte
44%
S1Oranienburger StraßeMitte
44%
S26Oranienburger StraßeMitte
44%
S25Oranienburger StraßeMitte
44%
S5StrausbergMärkisch-Oderland
44%
S7BabelsbergPotsdam
43%
Ring-BahnInnsbrucker PlatzTempelhof-Schöneberg
43%
S46Königs WusterhausenDahme-Spreewald
43%
S1ZehlendorfSteglitz-Zehlendorf
43%
S8Prenzlauer AlleePankow
42%
Ring-BahnPrenzlauer AlleePankow
42%
S26Bornholmer StraßePankow
41%
S8Bornholmer StraßePankow
41%
S25Bornholmer StraßePankow
41%
S1Bornholmer StraßePankow
41%
S2Bornholmer StraßePankow
41%
Ring-BahnBundesplatzTempelhof-Schöneberg/Charlottenburg-Wilmersdorf
41%
S1MexikoplatzSteglitz-Zehlendorf
41%
S1Rathaus SteglitzSteglitz-Zehlendorf
41%
S8SchöneweideTreptow-Köpenick
41%
S45SchöneweideTreptow-Köpenick
41%
S47SchöneweideTreptow-Köpenick
41%
S46SchöneweideTreptow-Köpenick
41%
S5Strausberg NordMärkisch-Oderland
41%
S8AdlershofTreptow-Köpenick
40%
S45AdlershofTreptow-Köpenick
40%
S46AdlershofTreptow-Köpenick
40%
S8GrünauTreptow-Köpenick
40%
S46GrünauTreptow-Köpenick
40%
Ring-BahnHeidelberger PlatzCharlottenburg-Wilmersdorf
39%
S8Landsberger AlleeFriedrichshain-Kreuzberg
39%
Ring-BahnLandsberger AlleeFriedrichshain-Kreuzberg
39%
Ring-BahnStorkower StraßePankow (Prenzlauer Berg)
39%
S8Storkower StraßePankow (Prenzlauer Berg)
39%
Ring-BahnHalenseeCharlottenburg-Wilmersdorf
38%
S3RummelsburgLichtenberg
38%
Ring-BahnBeusselstraßeMitte
37%
S2BuchPankow
37%
Ring-BahnGreifswalder StraßePankow
37%
S8Greifswalder StraßePankow
37%
S26Lichterfelde OstSteglitz-Zehlendorf
37%
S25Lichterfelde OstSteglitz-Zehlendorf
37%
S3Messe Süd (Eichkamp)Charlottenburg-Wilmersdorf
37%
S1Julius-Leber-BrückeTempelhof-Schöneberg
35%
S45BaumschulenwegTreptow-Köpenick
34%
S8BaumschulenwegTreptow-Köpenick
34%
S46BaumschulenwegTreptow-Köpenick
34%
S47BaumschulenwegTreptow-Köpenick
34%
S26HumboldthainMitte
34%
S25HumboldthainMitte
34%
S1HumboldthainMitte
34%
S2HumboldthainMitte
34%
S1Lichterfelde WestSteglitz-Zehlendorf
34%
S25Lichterfelde SüdSteglitz-Zehlendorf
33%
S26Lichterfelde SüdSteglitz-Zehlendorf
33%
S1Botanischer GartenSteglitz-Zehlendorf
32%
S46JohannisthalTreptow-Köpenick
32%
S45JohannisthalTreptow-Köpenick
32%
S8JohannisthalTreptow-Köpenick
32%
S47Köllnische HeideNeukölln
32%
S45Köllnische HeideNeukölln
32%
S46Köllnische HeideNeukölln
32%
S3Betriebsbahnhof RummelsburgLichtenberg
31%
S75HohenschönhausenLichtenberg
31%
S8PlänterwaldTreptow-Köpenick
31%
S1SchlachtenseeSteglitz-Zehlendorf
31%
S75WartenbergLichtenberg
31%
S26WittenauReinickendorf
31%
S1WittenauReinickendorf
31%
S2BlankenfeldeTeltow-Fläming
30%
Ring-BahnHohenzollerndammCharlottenburg-Wilmersdorf
30%
S1FriedenauTempelhof-Schöneberg
29%
S7GriebnitzseePotsdam
29%
S3HeerstraßeCharlottenburg-Wilmersdorf
29%
S26PriesterwegTempelhof-Schöneberg
29%
S2PriesterwegTempelhof-Schöneberg
29%
S25PriesterwegTempelhof-Schöneberg
29%
S1FeuerbachstraßeSteglitz-Zehlendorf
28%
S3FriedrichshagenTreptow-Köpenick
28%
S1FrohnauReinickendorf
28%
S2LichtenradeTempelhof-Schöneberg
28%
S47SpindlersfeldTreptow-Köpenick
28%
S8BirkenwerderOberhavel
27%
S1BirkenwerderOberhavel
27%
S25HennigsdorfOberhavel
27%
S3KarlshorstLichtenberg
27%
S2KarowPankow
27%
S26WaidmannslustReinickendorf
27%
S1WaidmannslustReinickendorf
27%
S25LankwitzSteglitz-Zehlendorf
26%
S26LankwitzSteglitz-Zehlendorf
26%
S5MahlsdorfMarzahn-Hellersdorf
26%
S7NöldnerplatzLichtenberg
26%
S5NöldnerplatzLichtenberg
26%
S45AltglienickeTreptow-Köpenick
25%
S5KaulsdorfMarzahn-Hellersdorf
25%
S2MarienfeldeTempelhof-Schöneberg
25%
S3PichelsbergCharlottenburg-Wilmersdorf
25%
S3WuhlheideTreptow-Köpenick
25%
S5BiesdorfMarzahn-Hellersdorf
24%
S5HoppegartenMärkisch-Oderland
24%
S1Sundgauer StraßeSteglitz-Zehlendorf
24%
S26WollankstraßePankow
24%
S1WollankstraßePankow
24%
S25WollankstraßePankow
24%
S46ZeuthenDahme-Spreewald
24%
S8ZeuthenDahme-Spreewald
24%
S7Friedrichsfelde OstMarzahn-Hellersdorf
23%
S5Friedrichsfelde OstMarzahn-Hellersdorf
23%
S8Pankow-HeinersdorfPankow
23%
S2Pankow-HeinersdorfPankow
23%
S3StresowSpandau
23%
S46WildauDahme-Spreewald
23%
S2BlankenburgPankow
22%
S8BlankenburgPankow
22%
S7SpringpfuhlMarzahn-Hellersdorf
22%
S5Strausberg StadtMärkisch-Oderland
22%
S26SüdendeSteglitz-Zehlendorf
22%
S25SüdendeSteglitz-Zehlendorf
22%
S5WuhletalMarzahn-Hellersdorf
22%
S2AttilastraßeTempelhof-Schöneberg
21%
S2MahlowTeltow-Fläming
21%
S1SchönholzPankow
21%
S26SchönholzPankow
21%
S25SchönholzPankow
21%
S8Hohen NeuendorfOberhavel
20%
S1Hohen NeuendorfOberhavel
20%
S25Karl-Bonhoeffer-NervenklinikReinickendorf
20%
S5Hackescher MarktMitte
19%
S7Hackescher MarktMitte
19%
S25HeiligenseeReinickendorf
19%
S26Osdorfer StraßeSteglitz-Zehlendorf
19%
S25Osdorfer StraßeSteglitz-Zehlendorf
19%
S3RahnsdorfTreptow-Köpenick
19%
S45WaßmannsdorfDahme-Spreewald
19%
S1WilhelmsruhPankow
19%
S26WilhelmsruhPankow
19%
S45GrünbergalleeTreptow-Köpenick
18%
S47OberspreeTreptow-Köpenick
18%
S25Alt-ReinickendorfReinickendorf
17%
S1HermsdorfReinickendorf
17%
S3HirschgartenTreptow-Köpenick
17%
S8Mühlenbeck-MönchmühleOberhavel
17%
S7PoelchaustraßeMarzahn-Hellersdorf
17%
S7Raoul-Wallenberg-StraßeMarzahn-Hellersdorf
17%
S8SchönfließOberhavel
17%
S46EichwaldeDahme-Spreewald
16%
S8EichwaldeDahme-Spreewald
16%
S5BirkensteinMärkisch-Oderland
15%
S2Buckower ChausseeTempelhof-Schöneberg
15%
S25EichborndammReinickendorf
15%
S5HegermühleMärkisch-Oderland
15%
S1LehnitzOberhavel
15%
S7Mehrower AlleeMarzahn-Hellersdorf
15%
S5NeuenhagenMärkisch-Oderland
15%
S5Petershagen NordMärkisch-Oderland
15%
S2RöntgentalBarnim
15%
S2SchichauwegTempelhof-Schöneberg
15%
S25SchulzendorfReinickendorf
15%
S3WilhelmshagenTreptow-Köpenick
15%
S2ZepernickBarnim
15%
S8BergfeldeOberhavel
14%
S2Bernau-FriedenstalBarnim
14%
S1BorgsdorfOberhavel
14%
S5FredersdorfMärkisch-Oderland
14%
S75GehrenseestraßeLichtenberg
13%

Score Distribution

Percentile by Number Answered

Percent of People with Each Score

Your Score History

You have not taken this quiz since the last reset